| 000 | 00791nam a22002297a 4500 | ||
|---|---|---|---|
| 003 | 0 | ||
| 005 | 20160609165301.0 | ||
| 008 | 100118t xxu||||| |||| 00| 0 eng d | ||
| 037 |
_aM15464 _bBIBLIO |
||
| 040 |
_aBUAC _bFR _cBEPAC |
||
| 082 | _a27.ABM/AKPO | ||
| 100 |
_aAkpo , Dénis _92882 |
||
| 130 |
_lfr _910760 |
||
| 245 | _aRichesse bacillaire des expectorations et taux de lymphocytes T CD4 chez les adultes tuberculeux infectés par le VIH : cas du centre hospitalier de pneumo-phtisiologique d'Akron à Porto - Novo | ||
| 260 |
_aUAC-EPAC _bUAC-EPAC _c2007-2008 |
||
| 300 |
_aI-70p _c29cm |
||
| 500 | _aMem Ecole Polytechnique d'ABOMEY - Calavi 2008 | ||
| 650 |
_aLYMPHOCYTES _92883 |
||
| 650 |
_a TCD4 TUBERCULEUX _92883 |
||
| 700 |
_aAwo ,Onésime _910761 |
||
| 942 | _cTHE | ||
| 999 |
_c46746 _d46746 |
||